• 首页
  • 本馆介绍
  • 公告通知
  • 最新文献
  • 馆藏检索
  • 电子资源
  • 读者导购
  • 参考咨询
  • 我的图书馆
  • 登录
  • 详细信息显示
  • 放入我的书架
  • 预约/预借图书
  • 作者相关作品
  • 分类相关作品
  • 丛书相关作品
  • 出版社相关作品

书目信息

  • 表格格式
  • 工作单格式
  • 卡片格式
题名:
固体激光
    
 
作者: 冷长庚 编著
分册:  
出版信息: 北京   科学出版社  1981
页数: 200页
开本: 19cm
丛书名:
单 册:
中图分类: TN248.1 , TN248
科图分类:
主题词: 固体激光器 , 激光技术 , 微波激射技术
电子资源:
ISBN:
000 00685nam0 2200277 45
001 0181004167
005 20040519175019.1
010    @dCNY0.70
091    @a15031.337
100    @a19950623d1981 em y0chiy0121 ea
101 0  @achi
102    @aCN@b110000
105    @ay z 000yy
106    @ar
200 10 @a固体激光@Agu ti ji guang@f冷长庚编著
210    @a北京@c科学出版社@d1981
215    @a200页@d19cm
606    @a固体激光器
606 0  @a激光技术
606 0  @a微波激射技术
690    @aTN248.1@v3 
690    @aTN248
701  0 @a冷长庚@Aleng chang geng@4编著
801  0 @aCN@b上海图书馆@c20040519
801  2 @aCN@bNLC@c20040519
905    @f1@b50717@dTN248@e16
    
    固体激光/冷长庚编著.-北京:科学出版社,1981
    200页;19cm
    
    
    ISBN :CNY0.70
    
●
相关链接 在E读中查询图书 在五车中查询图书 在当当中查询图书 在豆瓣中查询图书


正题名:固体激光     索取号:TN248/16         预约/预借

序号 登录号 条形码 馆藏地/架位号 状态 备注
1 0050717   001350807   第三借阅区/ [索取号:TN248/16] 在馆    
2 0050718   001350763   第二样本阅览室/ [索取号:TN248/16] 在馆    
唐山师范学院图书馆 欢迎您!
大连网信软件有限公司© 版权所有